Materiales para la historia provincial de Aragua
Saved in:
| Main Author: | |
|---|---|
| Format: | Book |
| Language: | Spanish |
| Published: |
Caracas
Fuentes para la Historia Colonial de Venezuela
1977
|
| Series: | Biblioteca de la Academia Nacional de la Historia, 128
|
| Subjects: | |
| Tags: |
Add Tag
No Tags, Be the first to tag this record!
|
MARC
| LEADER | 00000nam a2200000 a 4500 | ||
|---|---|---|---|
| 001 | UCS9660 | ||
| 003 | CL-VaPUC | ||
| 008 | 971121e19770000VE |||||||||||||||||spa|d | ||
| 082 | 0 | 4 | |a 987.03 |b CAS |2 21 |
| 100 | 0 | |a Castillo Lara, Lucas Guillermo |e author |9 394919 | |
| 245 | 1 | 0 | |a Materiales para la historia provincial de Aragua |
| 300 | |a 417 p | ||
| 942 | |c BK | ||
| 945 | |d 19971121 00:00:00 |a cmena | ||
| 260 | |a Caracas |b Fuentes para la Historia Colonial de Venezuela |c 1977 | ||
| 650 | 0 | |a Historia venezolana |9 393448 | |
| 650 | 0 | |a Epoca colonial |9 352022 | |
| 650 | 0 | |a Tribus |9 353059 | |
| 650 | 0 | |a Encomiendas |9 258557 | |
| 650 | 0 | |a Derecho Indiano |9 256266 | |
| 650 | 0 | |a Misioneros |9 324171 | |
| 650 | 7 | |a POSESION DE TIERRAS |2 CL-VaPUC |9 394920 | |
| 650 | 0 | |a Minas |9 255522 | |
| 650 | 0 | |a Poder político |9 255509 | |
| 650 | 0 | |a Posesión |9 258681 | |
| 650 | 0 | |a Derecho civil |9 255013 | |
| 650 | 7 | |a LITIGIO |2 CL-VaPUC |9 384222 | |
| 650 | 0 | |a Fronteras |9 338773 | |
| 651 | 0 | |a Venezuela |9 254993 | |
| 583 | |a last modification |c 20180612 10:14:50 |k Rodrigo Vera | ||
| 490 | 0 | |a Biblioteca de la Academia Nacional de la Historia, 128 | |
| 999 | |c 263421 |d 263419 | ||
| 952 | |0 0 |1 0 |4 0 |6 987_030000000000000_CAS_1977 |7 0 |8 DER_HDC |9 292742 |a BIBDER |b BIBDER |d 2019-11-19 |i 1904434 |l 1 |o 987.03 CAS 1977 |p 1904434 |r 2023-01-25 |s 2020-03-19 |w 2019-11-19 |x Ubicación 4to Piso |y BK |z Estos recursos deben solicitarse con anticipación |k DER | ||